000 00368nam a22001457a 4500
003 SGT
020 _a9789357783606
082 _a345.06
_bKAN
100 _aKANSAL SAURABH
245 _aBHARATIYA SAKSHYA ADHINIYAM 2023 LAW & PRACTICE
260 _aNEW DELHI
_bTAXMANN
_c2024
300 _a387
653 _aEVIDENCE , LAW OF EVIDENCE ,EVIDENCE LAW
942 _2ddc
_cBK
999 _c27892
_d27892